| 000 | 00647nam a22001817a 4500 | ||
|---|---|---|---|
| 999 |
_c62441 _d62441 |
||
| 005 | 20241101100142.0 | ||
| 008 | 241101s1999 enk||||| |||| 00| 0 geo d | ||
| 020 | _a9780091816971x | ||
| 041 | _aeng | ||
| 080 | _a159.9 J-74 | ||
| 100 |
_a Johnson, Spencer _923588 |
||
| 245 |
_aWho Moved My Cheese? : _bAn Amazing Way to Deal With Change in Your Work and in Your Life / _cSpencer Johnson. |
||
| 264 |
_aLondon : _bVermilion, _c1999. |
||
| 300 |
_a96 p.; _b20 cm. |
||
| 653 | _aგამკლავება ცხოვრების ცვლილებთან | ||
| 653 | _aფსიქოლოგია | ||
| 942 |
_2udc _cᲬᲘᲒᲜᲘ |
||